Govt. of
Madhya Pradesh

Nyaya Theory of Knowledge (Record no. 63670)

MARC details
000 -LEADER
fixed length control field 00260nam a22001097a 4500
082 ## - DEWEY DECIMAL CLASSIFICATION NUMBER
Classification number 200
100 ## - MAIN ENTRY--AUTHOR NAME
Personal name Chatterjee , S. C.
245 ## - TITLE STATEMENT
Title Nyaya Theory of Knowledge
260 ## - PUBLICATION, DISTRIBUTION, ETC. (IMPRINT)
Place of publication Delhi
Name of publisher Bharatiya Kala Pra
Year of publication 2018
650 ## - SUBJECT ADDED ENTRY--TOPICAL TERM
Topical Term Religion
942 ## - ADDED ENTRY ELEMENTS (KOHA)
Koha item type Books
Holdings
Withdrawn status Lost status Damaged status Not for loan Home library Current library Date acquired Cost, normal purchase price Full call number Accession Number Price effective from Koha item type
        MACL MACL 16/10/2020 750.00 200 CRE040006 16/10/2020 Books